Desafío / (Registro nro. 30513)

Detalles MARC
000 -LEADER
fixed length control field 01384nam a22003137a 4500
003 - CONTROL NUMBER IDENTIFIER
control field OSt
005 - DATE AND TIME OF LATEST TRANSACTION
control field 20240628134436.0
008 - FIXED-LENGTH DATA ELEMENTS--GENERAL INFORMATION
fixed length control field 240207t2011 sp dr 000 fdspa d
020 ## - INTERNATIONAL STANDARD BOOK NUMBER
International Standard Book Number 9788408004714
037 ## - SOURCE OF ACQUISITION
Materials specified Donación
040 ## - CATALOGING SOURCE
Original cataloging agency CO-JMCR
Transcribing agency CO-JMCR
Modifying agency CO-JMCR
Description conventions rda
041 1# - LANGUAGE CODE
Language code of text/sound track or separate title spa
Language code of sung or spoken text eng
082 04 - DEWEY DECIMAL CLASSIFICATION NUMBER
Classification number J-N
Item number HAWd
100 ## - MAIN ENTRY--PERSONAL NAME
Personal name Hawkins, Rachel,
Dates associated with a name 1979-
9 (RLIN) 43207
Relator term autor
245 1# - TITLE STATEMENT
Title Desafío /
Statement of responsibility, etc. Rachel Hawkins
246 ## - VARYING FORM OF TITLE
Title proper/short title Hex Hall. Demonglass
260 ## - PUBLICATION, DISTRIBUTION, ETC.
Place of publication, distribution, etc. Barcelona :
Name of publisher, distributor, etc. Destino ;
Date of publication, distribution, etc. ©2011
300 ## - PHYSICAL DESCRIPTION
Extent 274 paginas ;
Dimensions 23 cm.
490 ## - SERIES STATEMENT
Series statement Hex Hall
500 ## - GENERAL NOTE
General note Incluye recomendaciones de otras sagas de la editorial Destino
500 ## - GENERAL NOTE
General note Incluye información de la autora
520 ## - SUMMARY, ETC.
Summary, etc. Creo que marcharme a Londres para someterme a la Extracción no ha sido una buena idea. íYo solamente quería que me quitaran los estúpidos poderes que tengo! Pero aquí parece que todo se está complicando: descubro que en el mundo existen más demonios aparte de mi padre y yo, El Ojo insiste en matarme y debo decidirme por Cal, mi prometido, o Archer, mi... ¿enemigo?'
521 ## - TARGET AUDIENCE NOTE
Target audience note Para mayores de 13 años.
650 14 - SUBJECT ADDED ENTRY--TOPICAL TERM
Source of heading or term JMCR
Topical term or geographic name entry element Literatura juvenil
General subdivision Magia en la literatura
Geographic subdivision España
9 (RLIN) 43208
650 24 - SUBJECT ADDED ENTRY--TOPICAL TERM
Form subdivision Novela Juvenil
General subdivision Fantasía
9 (RLIN) 43209
650 34 - SUBJECT ADDED ENTRY--TOPICAL TERM
Source of heading or term JMCR
Topical term or geographic name entry element Jovenes
Form subdivision Poderes
9 (RLIN) 43755
700 ## - ADDED ENTRY--PERSONAL NAME
Personal name Castellanos Arfelis, Ariadna,
Relator term Traductora
9 (RLIN) 43210
942 ## - ADDED ENTRY ELEMENTS (KOHA)
Source of classification or shelving scheme Dewey Decimal Classification
Koha item type Books
Existencias
Withdrawn status Lost status Damaged status Not for loan Home library Current library Shelving location Date acquired Source of acquisition Total Checkouts Full call number Barcode Date last seen Date last checked out Copy number Price effective from Koha item type
        Biblioteca Pública José María del Castillo y Rada Biblioteca Pública José María del Castillo y Rada Fiction 12/15/2023 Donación 2 J-N HAWd 201812138 08/11/2025 08/08/2025 EJ.1 02/07/2024 Books